000
00332nam a2200145Ia 4500
008
150201s2008 xx 000 0 und d
082
_a
614.88
_b
F08I
100
_a
INDRANI , TK.
245
_a
FIRST AID FOR NURSES
250
_a
1ST
260
_b
JAYPEE
_a
DELHI
_c
2008
300
_a
208
650
_a
FIRST AID
942
_2
ddc
_c
BK
_0
10
999
_c
2092
_d
2092